000
00345nam a2200169Ia 4500
100
_a
Pfleeger/C.P/ Pfleeger/S.L
650
_a
Security
250
_a
4
942
_c
BK
366
_f
25
245
_a
Security in computing
260
_b
Pearson Education
_c
2007
082
_a
5.8
_b
PFL
300
_a
875
546
_a
ENGLISH
999
_c
32408
_d
32408